000 01964nam0a22003251 4500
001 rc\3636032
005 20260408081741.0
021 _aRU
_b[74-75216]
035 _a(NLR Aleph) 007827059
090 _a7762866
_c7762866
100 _a20130115d1974 |||y0rusy50 ca
101 0 _arus
102 _aRU
105 _ay z |||||
200 1 _aМетодические рекомендации по преподаванию математики в ПТУ со средним образованием
_e(Производная и ее применение)
_fГос. ком. Совета Министров СССР по проф.-техн. образованию. Центр. учеб.-метод. кабинет проф.-техн. образования
210 _aМосква
_cБ. и.
_d1974
215 _a95 с.
_cграф.
_d20
300 _aВ вып. дан. авт.: Лурье И.А., Чесноков А.С., Беденко Н.К.
532 1 2 _aМетодические рекомендации по преподаванию математики в профессиональных технических училищах со средним образованием
606 _aМатематика
_jМетодические пособия для профессионально-технических училищ
_2psbo
701 1 _7ca
_8rus
_aЧесноков
_bА. С.
_cканд. пед. наук
_f1926-
_gАлександр Семенович
_9229440
_3RU\NLR\AUTH\770229496
701 1 _aЛурье
_bИ.А.
_gИсаак Александрович
701 1 _aБеденко
_bН.К.
712 0 2 _aЦентральный учебно-методический кабинет профессионально-технического образования
_cМосква
_3RU\NLR\AUTH\8810125554
_9748529
801 0 _aRU
_bNLR
_gpsbo
801 1 _aRU
_bELAR
_2rusmarc
852 _aNLR
_j74-4/22392
942 _cBOOK
980 _aNB